Old age in the modern world /

Bibliographic Details
Corporate Author: International Association of Gerontology
Format: Book
Language:English
Published: New York : Arno Press, 1980.
Series:Growing old.
Subjects:

MARC

Tag First Indicator Second Indicator Subfields
LEADER 00000pam a2200000 i 4500
001 in00003462621
005 20151206104559.0
008 791213r19801955nyua b 00110 eng
010 |a  79008671  
020 |a 0405127863 
040 |d UtOrBLW 
082 0 |a 305.2/6 
090 |a HQ1061  |b .I53 1980 
110 2 |a International Association of Gerontology. 
245 1 0 |a Old age in the modern world /  |c International Association of Georontology. 
264 1 |a New York :  |b Arno Press,  |c 1980. 
300 |a vii, 647 pages :  |b illustrations ;  |c 23 cm. 
336 |a text  |b txt  |2 rdacontent 
337 |a unmediated  |b n  |2 rdamedia 
338 |a volume  |b nc  |2 rdacarrier 
490 1 |a Growing old 
500 |a Report of the 3d congress of the International Association of Gerontology, London, 1954. 
500 |a Reprint of the 1955 edition by published E. & S. Livingstone, Edinburgh. 
504 |a Includes bibliographical references and indexes. 
650 0 |a Old age  |x Congresses. 
830 0 |a Growing old. 
999 |a MARS 
999 f f |s 53e6b2bc-b6e8-381c-b43e-e37adbe191c3  |i 00dd7c44-57b1-34b4-8566-32f67e084b29  |t 0 
952 f f |p ric  |a Texas A&M University  |b Rellis Campus  |c Joint Library Facility  |d Remote Storage  |t 0  |e HQ1061 .I53 1980  |h Library of Congress classification  |i unmediated -- volume  |m 32060003005275 
998 f f |a HQ1061 .I53 1980  |t 0  |l Remote Storage